01355nam a2200325Ia 4500001001200000003000800012006001900020007001500039008004100054010001700095020002800112020001800140040002100158035002100179050002500200100002600225245013600251260004900387300001700436490003100453504005100484533015200535600003300687650005800720650002200778655002900800710001700829830005700846856012600903ebr10278754CaPaEBRm u cr cn|||||||||990127s1999 nyu sb 001 0 eng d z 99019369  z019513172X (alk. paper) z9780195131727 aCaPaEBRcCaPaEBR a(OCoLC)25260033914aBV2063b.H265 1999eb1 aHarris, Paul William.10aNothing but Christh[electronic resource] :bRufus Anderson and the ideology of Protestant foreign missions /cPaul William Harris. aNew York :bOxford University Press,cc1999. aviii, 204 p.1 aReligion in America series aIncludes bibliographical references and index. aElectronic reproduction.bPalo Alto, Calif. :cebrary,d2009.nAvailable via World Wide Web.nAccess may be limited to ebrary affiliated libraries.10aAnderson, Rufus,d1796-1880. 0aProtestant churchesxMissionsxHistoryy19th century. 0aMissionsxTheory. 7aElectronic books.2local2 aebrary, Inc. 0aReligion in America series (Oxford University Press)40uhttp://site.ebrary.com/lib/rucke/Doc?id=10278754zAn electronic book accessible through the World Wide Web; click to view